000 00254nam a2200085Ia 4500
008 170620s9999 xx 000 0 und d
100 _aPrabhakaram- K. S.
245 0 _aConcept Attainment Model in Mathematics Teaching
260 _bNew Delhi- Discovery Publishing House
260 _c2003
999 _c24310
_d24310